书目信息 |
| 题名: |
海立云垂
|
|
| 作者: | ;“海洋梦”系列丛书编委会 编 | |
| 分册: | ||
| 出版信息: | 合肥 合肥工业大学出版社 2015.09 |
|
| 页数: | 196页 | |
| 开本: | 24cm | |
| 丛书名: | “海洋梦”系列丛书 | |
| 单 册: | ||
| 中图分类: | P75-49 , U658.91 , P75 | |
| 科图分类: | ||
| 主题词: | 海洋工程--hai yang gong cheng--普及读物 , 海港--hai gang--世界--普及读物 | |
| 电子资源: | ||
| ISBN: | 978-7-5650-2425-2 | |
| 000 | 01115nam 2200289 450 | |
| 001 | 2329420056 | |
| 005 | 20231109141228.87 | |
| 010 | @a978-7-5650-2425-2@dCNY35.00 | |
| 100 | @a20151114d2015 em y0chiy50 ea | |
| 101 | 0 | @achi |
| 102 | @aCN@b340000 | |
| 105 | @aa z 000yy | |
| 200 | 1 | @a海立云垂@Ahai li yun chui@e海洋工程与海港@f“海洋梦”系列丛书编委会编 |
| 210 | @a合肥@c合肥工业大学出版社@d2015.09 | |
| 215 | @a196页@c图@d24cm | |
| 225 | 2 | @a“海洋梦”系列丛书@A“ hai yang meng ”xi lie cong shu |
| 330 | @a全书介绍了海洋工程的矿物能源开发、海洋工程与海洋开发、海上娱乐与海洋风光、叹为观止的港口与码头、平衡再生的海洋粮仓、声名卓著的海洋工程、开发海洋更要爱护海洋等。 | |
| 410 | 0 | @12001 @a“海洋梦”系列丛书 |
| 517 | 1 | @a海洋工程与海港@Ahai yang gong cheng yu hai gang |
| 606 | 0 | @a海洋工程@Ahai yang gong cheng@j普及读物 |
| 606 | 0 | @a海港@Ahai gang@y世界@j普及读物 |
| 690 | @aP75-49@v5 | |
| 690 | @aU658.91@v5 | |
| 690 | @aP75@v4 | |
| 711 | 02 | @a“海洋梦”系列丛书编委会@A“ hai yang meng ”xi lie cong shu bian wei hui@4编 |
| 801 | 0 | @aCN@b山东中教@c20230926 |
| 905 | @aBZT@dP75@e3 | |
| 海立云垂:海洋工程与海港/“海洋梦”系列丛书编委会编.-合肥:合肥工业大学出版社,2015.09 |
| 196页:图;24cm.-(“海洋梦”系列丛书) |
| ISBN 978-7-5650-2425-2:CNY35.00 |
| 全书介绍了海洋工程的矿物能源开发、海洋工程与海洋开发、海上娱乐与海洋风光、叹为观止的港口与码头、平衡再生的海洋粮仓、声名卓著的海洋工程、开发海洋更要爱护海洋等。 |
| ● |
| 相关链接 |
|
|
|
正题名:海立云垂
索取号:P75/3
 
预约/预借
| 序号 | 登录号 | 条形码 | 馆藏地/架位号 | 状态 | 备注 |
| 1 | 2000959823 | 2000959823 | 214主题书屋/四29架B面3层6列/ [索取号:P75/3] | 在馆 | |
| 2 | 2000959824 | 2000959824 | 214主题书屋/四29架B面3层6列/ [索取号:P75/3] | 在馆 | |
| 3 | 2000959825 | 2000959825 | 214主题书屋/四29架B面3层6列/ [索取号:P75/3] | 在馆 | |
| 4 | 2000959826 | 2000959826 | 214主题书屋/四29架B面3层6列/ [索取号:P75/3] | 在馆 | |
| 5 | 2000959827 | 2000959827 | 214主题书屋/四29架B面3层6列/ [索取号:P75/3] | 在馆 | |
| 6 | 2000959828 | 2000959828 | 214主题书屋/四29架B面3层6列/ [索取号:P75/3] | 在馆 |